Volby v USA
Voľby v USA. Tradícia a rozsah volebného práva. Účasť oprávnených voličov na voľbách v USA. Primárne voľby. Voľby na štátnej a miestnej úrovni. Kongresové a prezidentské voľby. Vplyv volieb na zmenu demokratickej spoločnosti.
Na minha lista:
| Autor principal: | |
|---|---|
| Formato: | Capítulo de Livro |
| Idioma: | tcheco |
| Assuntos: | |
| Tags: |
Sem tags, seja o primeiro a adicionar uma tag!
|
MARC
| LEADER | 00000naa a2200000 4500 | ||
|---|---|---|---|
| 001 | r047209 | ||
| 005 | 20231003115308.4 | ||
| 041 | 0 | |a cze | |
| 044 | |a CZ | ||
| 245 | 1 | 0 | |a Volby v USA |c Vladimíra Dvořáková |
| 520 | |a Voľby v USA. Tradícia a rozsah volebného práva. Účasť oprávnených voličov na voľbách v USA. Primárne voľby. Voľby na štátnej a miestnej úrovni. Kongresové a prezidentské voľby. Vplyv volieb na zmenu demokratickej spoločnosti. | ||
| 610 | 2 | 0 | |a voľby |
| 610 | 2 | 0 | |a politika |
| 610 | 2 | 0 | |a USA |
| 610 | 2 | 0 | |a demokracia |
| 610 | 2 | 0 | |a systémy politické |
| 100 | 1 | |a Dvořáková, Vladimíra | |